01226nam a2200265 a 4500001001000000005001700010041000800027044000800035084002000043100004500063245012300108260005800231300004800289500008700337500018400424500001100608546002400619650005200643650005600695650003400751650004500785700003900830700004100869740005000910BRCA_337920190320204243.0 aeng aenk a668b.R68c19021 aCervantes Saavedra, Miguel ded1547-161610aAdventures of Don Quixote de la ManchacTranslated from the Spanish of Miguel de Cervantes Saavedra by Charles Jarvis. aLondres : Nueva YorkbGeorge Routledge and Sonsc1902 a1 v. en 2 partes (xii, 531 p.)bil.c21 cm. aContenido : Primera parte. Prólogo del autor. Segunda parte. Prólogo del autor aReimpresión de la edición económica de la traducción de Jarvis, publicada en 1880, por los mismos editores pero ilustrada con los dibujos de Gilbert. Tela Lúdovik Osterc aQM1020 aTexto en : inglés14aNovela españolayÉpoca clásica, 1500-170014aLiteratura españolayÉpoca clásica, 1500-170014aNovela españolaySiglo XVII14aDon Quijote (Personaje ficticio)eNovela1 aJarvis, Charlesd?-1739eTraductor1 aGilbert, Johnd1817-1897eIlustrador0 aEl Ingenioso Hidalgo Don Quijote de la Mancha